000 01053nam a2200205 a 4500
001 39906
005 20180714013616.0
008 140415s2000 mx 000 0 spa d
020 _a9681209931
041 _aspa
082 _a378.72
_bMEM
100 1 _aLIDA, CLARA E.
245 1 0 _aMEMORIA 1938-2000 LA CASA DE ESPAÑA Y EL COLEGIO DE MEXICO
250 _a1a ed.
260 _aMEXICO :
_bEL COLEGIO DE MEXICO,
_c2000
300 _a574
_cx 15 x 22.8
520 _aEL OBJETIVO DE ESTE LIBRO NO ES HACER UNA CRONICA DE HOSPITALIDAD , NI LA DE EMIGRCION, NUESTRO OBJETIVO ES MENOS VASTO, PERO NO POR SIRCUNSCRITO MENOS COMPLEJOY SIGNIFICATIVO. AL CENTRAR ESTA INVESTIGACION SOBRE TODO EN LA CASA DE ESPAÑA EN MEXICO HEMOS OPTADO POR ESTUDIAR UN CASO EJEMPLAR, RESULTADO DE ESE GRAN GESTO HUMANITARIO DE LAZARO CARDENAS Y DE MEXICO. CASO EJEMPLAR ES QUE EN JULIO DE 1938 CREA UN ALBERGUE INTELECTUAL PARA PROFESIONALES, ACADEMICOS Y ARTISTAS EXILIADOS .
650 1 4 _aESPAOLES EN MXICO
700 1 _aMATESANZ, JOSÉ ANTONIO
_ecoaut.
999 _c39906
_d39906